00679pam a22002054a 4500020001500000020002200015040000800037082002700045100002200072245007000094260007400164300003700238500002000275650001500295650001500310650001500325650001500340856006300355856005500418 a0521345545 a0521347882 (pbk.) cDLC00a333 CAM 1988 A015 Or. 1 aChambers, Robert,10aManaging canal irrigation :bpractical analysis from South Asia / aCambridge [England] ;aNew York :bCambridge University Press,c1988. axxviii, 279 p. :bill. ;c24 cm. aIncludes index. 0aIrrigation 0aIrrigation 0aIrrigation 0aIrrigation42uhttp://www.loc.gov/catdir/description/cam023/87016738.html41uhttp://www.loc.gov/catdir/toc/cam026/87016738.html